Les jeux vidéo les plus vendus en France en 2024 - Statistiques

Statistiques générales
  • Ce quiz a été pris 17 fois
  • Le résultat moyen est 2 sur 10
Statistiques - réponses
Hint Réponse % Correct
2 Call of Duty : Black Ops 6
47%
1 EA Sports FC 25
40%
6 The Legend of Zelda: Echoes of Wisdom
33%
5 Mario Kart 8 Deluxe
20%
4 Super Mario Party Jamboree
20%
3 Dragon Ball Sparking! ZERO
7%
8 Hogwarts Legacy : L’Héritage de Poudlard
7%
9 Final Fantasy VII Rebirth
0%
10 Star Wars Outlaws
0%
7 Super Mario Bros. Wonder
0%
Aucun quiz correspondant
Distribution des résultats
% des personnes avec chaque résultat
Percentile par nombre de réponses
Votre historique - résultats
Vous n’avez pas pris ce quiz